<?xml version="1.0" encoding="UTF-8"?>
<collection xmlns:xsi="http://www.w3.org/2001/XMLSchema-instance" xsi:schemaLocation="http://www.loc.gov/MARC21/slim http://www.loc.gov/standards/marcxml/schema/MARC21slim.xsd" xmlns="http://www.loc.gov/MARC21/slim">
 <record>
  <leader>00000caa a22000004a 4500</leader>
  <controlfield tag="001">UP-8027390931312542830</controlfield>
  <controlfield tag="003">Buklod</controlfield>
  <controlfield tag="005">20210610160956.0</controlfield>
  <controlfield tag="006">o--- |     ||   ||</controlfield>
  <controlfield tag="007">ta</controlfield>
  <controlfield tag="008">210610s        xx     d     r    |||| u|</controlfield>
  <datafield tag="035" ind1=" " ind2=" ">
   <subfield code="a">(iLib)UPCEB-00012051662</subfield>
  </datafield>
  <datafield tag="040" ind1=" " ind2=" ">
   <subfield code="a">emz</subfield>
  </datafield>
  <datafield tag="245" ind1="0" ind2="0">
   <subfield code="a">Word order denotes relevance differences</subfield>
   <subfield code="b">The case of conjoined phrases with lexical gender.</subfield>
  </datafield>
  <datafield tag="300" ind1=" " ind2=" ">
   <subfield code="a">pp. 262-279</subfield>
  </datafield>
  <datafield tag="520" ind1=" " ind2=" ">
   <subfield code="a">This work explores the order of linguistic references to the two genders (e.g., men and women vs. women and men). It argues that a gender is more likely to be mentioned first when it is perceived to have higher relevance in a context rather than lower relevance, and audiences assign stronger relevance to a party when the party is mentioned first rather than second. Studies 1?3 document the current prevalence of male-first conjoined phrases in the public (but not family) domain and link the pattern to historical changes in women?s public presence over the 20th century. Study 4 shows that contextual relevance cues affect the odds of first mention, such that people are more likely to refer to a woman before a man, when the two are in a primary school classroom rather than a corporate office. At the same time, Studies 4 and 5 find that people often choose to reproduce collectively preferred word order patterns (e.g., men and women). Studies 6 and 7 show that these choices matter because people assign more relevance to a party when it comes first rather than second in a conjoined phrase. Overall, this work offers theoretical grounding and empirical evidence for word order as a means of expressing and perpetuating gender stereotypes.</subfield>
  </datafield>
  <datafield tag="650" ind1=" " ind2="0">
   <subfield code="a">Psychology</subfield>
   <subfield code="x">Periodicals.</subfield>
  </datafield>
  <datafield tag="650" ind1="1" ind2="7">
   <subfield code="a">Gender.</subfield>
  </datafield>
  <datafield tag="650" ind1="1" ind2="7">
   <subfield code="a">Language.</subfield>
  </datafield>
  <datafield tag="653" ind1=" " ind2=" ">
   <subfield code="a">Stereotypes.</subfield>
  </datafield>
  <datafield tag="700" ind1="1" ind2=" ">
   <subfield code="a">Kesebir, Selin.</subfield>
  </datafield>
  <datafield tag="773" ind1="0" ind2=" ">
   <subfield code="a">Journal of Personality and Social Psychology.</subfield>
   <subfield code="g">vol. 113, 2.  (August) 2017.</subfield>
  </datafield>
  <datafield tag="856" ind1=" " ind2=" ">
   <subfield code="a">https://psycnet.apa.org/doi/10.1037/pspi0000094</subfield>
  </datafield>
  <datafield tag="942" ind1=" " ind2=" ">
   <subfield code="a">Analytics</subfield>
  </datafield>
 </record>
</collection>
